Statistics for Daily Show Castmembers

Click here to take the quiz!

General Stats

  • This quiz has been taken 28 times
  • The average score is 16 of 67

Answer Stats

DatesHintAnswer% Correct
1997-2005Started his own show immediately following the Daily ShowStephen Colbert
88%
2006-2013Guest Host and Senior British PersonJohn Oliver
79%
1999-2005Became well-known later as Michael ScottSteve Carell
79%
2002-2006Lost a tooth in The HangoverEd Helms
75%
7/03-presentLongest serving correspondentSamantha Bee
75%
9/05-presentMarried to the longest serving correspondentJason Jones
67%
7/96-presentAC/DCLewis Black
67%
8/06-presentSenior Black CorrespondentLarry Wilmore
54%
3/14-presentSenior Caucasian CorrespondentJordan Klepper
50%
1/12-presentSenior Beyonce CorrespondentJessica Williams
46%
2006-2008Senior Military Affairs CorrespondentRob Riggle
46%
8/06-presentSenior Middle East CorrespondentAasif Mandvi
42%
1996-1998HostCraig Kilborn
42%
5/11-presentSenior Latino CorrespondentAl Madrigal
38%
1999-presentHosetJon Stewart
38%
2010-2011Senior Asian CorrespondentOlivia Munn
38%
2002-2006This Week in GodRob Corddry
38%
6/14-presentCorrespondentMichael Che
33%
1998-2003"Wait, Wait…. Don't Tell Me!"Mo Rocca
33%
2008-2012Provided the voice for the Michael Steele puppetWyatt Cenac
33%
2009-2011The voice of OlafJosh Gad
29%
3/08-presentWomens Issues CorrespondentKristen Schaal
25%
2005-2006Younger brother of another correspondentNate Corddry
25%
1999-2001Has a much more famous little sisterVance DeGeneres
25%
1996-1998Former SNL memberA. Whitney Brown
21%
1999-2002Former SNL member and married to another former TDS cast memberNancy Walls
21%
1996-2000Cascade's Kitchen CounselorBeth Littleford
17%
1996-2003Out at the MoviesFrank DeCaro
17%
1996-1997NY Friars' Club Roastmaster GeneralJeffrey Ross
17%
1/06-presentA lot of Areas of Expertise, but isn't a MacJohn Hodgman
17%
1996-1999Public ExcessRich Brown
17%
1996-1998Will sell you a diesel BMW that won't "Backfire"Brian Unger
13%
2001Dollars and CentsCampbell Smith
13%
1999-2002The Ugly AmericanDave Attell
13%
2006Poll SmokingDave Gorman
13%
2005-2008Spotted trendsDemetri Martin
13%
1996-1997Co-created TDS and Co-founded Air America RadioLizz Winstead
13%
2012Senior Replacement CorrespondentPatrick Stewart
13%
1998-2003"Known to some as ""Fox News reporter"" Trisha Thoon"Stacey Grenrock-Woods
13%
1996Susie Greene on Curb Your EnthusiasmSusie Essman
13%
2000-2001Lord Viper ScorpionTom Johnson
13%
1998-2000"All Up in That, Elderly Consumer Advocate"Al Greenwood
8%
1998Former Good Morning America correspondentAmy Atkins
8%
200-2001"TV Guy, voice of Mort on Bob's Burgers"Andy Kindler
8%
2004-2005Was actually a real reporter for 10 yearsBob Wiltfong
8%
2007Senior Historical PerspectivistBuck Henry
8%
2005-2007Replaced Correspondent who left for his own show airing 30 minutes laterDan Bakkedahl
8%
1996Directed "Wet Hot American Summer"David Wain
8%
1999Was a frequent performer on Whose Line Is It AnywayDenny Siegel
8%
1997-1998"C'mon, Son!"Ed Lover
8%
1998-1999On The PanelJeff Stilson
8%
1996-1999God StuffJohn Bloom
8%
2001-2002"We Love Showbiz"Lauren Weedman
8%
2002Deputy Cherisha KimballMary Birdsong
8%
2001-2002Mike McLintock on VeepMatt Walsh
8%
1996-1999Ad NauseamMichael Blieden
8%
1996Has Issues along with Michael Ian BlackMichael Showalter
8%
2000-2001Got her start on ConanMiriam Tolan
8%
1996-1997Co hosted movie reviewsMolly Pesce
8%
1998Us People's Weekly EntertainmentPaul F. Tompkins
8%
2002-2003Dumped by another former TDS cast member in The Hangover in favor of a stripperRachael Harris
8%
1997Won a Polk Award for his coverage of the US invasion of PanamaRobert Knight
8%
1997-1998"Director of the documentary ""Becoming Muslim"""Sameer Butt
8%
1998-1999This Week in HateTom Shillue
8%
1999What I'm SayinWilliam Stephenson
8%
1996Hilda SpellmanCaroline Rhea
4%
2001Stage Manager BobbyEric Drysdale
4%

Score Distribution

Percentile by Number Answered

Percent of People with Each Score

Your Score History

You have not taken this quiz